| 000 | 00456 a2200157 4500 | ||
|---|---|---|---|
| 005 | 20260425091635.0 | ||
| 008 | 260420b |||||||| |||| 00| 0 eng d | ||
| 020 | _a9789370983885 | ||
| 080 |
_a89M-94 _bBAL/E |
||
| 100 | _aBalakrishnan,C. V. | ||
| 245 | _aEzhuthinte althara(എഴുത്തിൻെറ അൾത്താര) | ||
| 260 |
_bD C books. _aKottayam. _c2025. |
||
| 300 | _a144p. | ||
| 653 | _aMemories-Malayalam Literature | ||
| 942 | _cBK | ||
| 999 |
_c115276 _d115275 |
||